| 000 | 00556nam a22001817a 4500 | ||
|---|---|---|---|
| 003 | CEME | ||
| 005 | 20210628201925.0 | ||
| 008 | 210120b xxu||||| |||| 00| 0 eng d | ||
| 020 | _a81-203-0752-6 | ||
| 040 | _c. | ||
| 082 | _a621.38154 HEL | ||
| 100 |
_aHelfrick, Albert. D ,Cooper, William. D _957435 |
||
| 245 | _aModern electronic instrumentation and measurement techniques | ||
| 260 |
_aNEW DELHI _bPRENTICE HALL OF INDIA _c2004 |
||
| 300 | _aXII,445P | ||
| 650 |
_aELECTRONIC INSTRUMENTATION AND MEASUREMENT TECHNIQUES _957436 |
||
| 942 |
_cBK _2ddc |
||
| 999 |
_c567718 _d567718 |
||